|
|
|
|
| LEADER |
01689nam a2200397 4500 |
| 001 |
DLU030024549 |
| 008 |
##880509s1989 enka b 001 0 eng |
| 010 |
# |
# |
|a 88015766
|
| 020 |
# |
# |
|a 0256263485
|
| 050 |
# |
# |
|a T385
|b .B86 1989
|
| 100 |
# |
# |
|a Lieu, D. K
|
| 245 |
# |
# |
|a Graphics Interactive [Đĩa CD-ROM] /
|c D. K. Lieu
|
| 260 |
# |
# |
|a Berkeley. :
|b University of California,
|c c1996
|
| 300 |
# |
# |
|a 1 đĩa CD-ROM 4 3/4 in.
|
| 440 |
# |
# |
|a International computer science series
|
| 500 |
# |
# |
|a 1 Introduction
|
| 500 |
# |
# |
|a 2 Sketching
|
| 500 |
# |
# |
|a 3 Engineering Drawings
|
| 500 |
# |
# |
|a 4 Orthogonal Projections
|
| 500 |
# |
# |
|a 5 Pictorials
|
| 500 |
# |
# |
|a 6 Sections
|
| 500 |
# |
# |
|a 7 Dimensioning
|
| 500 |
# |
# |
|a 8 Tolerancing
|
| 500 |
# |
# |
|a 9 Descriptive Geometry
|
| 500 |
# |
# |
|a Overview: Finally, a visualization tool for your engineering graphics students! Through the use of full-color graphics and animations, this interactive CD-ROM allows students to visualize three-dimensional objects, their views, and how to draw them. It covers all of the traditional engineering graphics topics, from sketching to descriptive geometry, but presents them in a way that students will find motivating and easier to comprehend. This CD is a stand-alone product, but we offer it at a significant discount if it is packaged with any McGraw-Hill graphics text such as Bertoline's Technical Graphics Communicaton, 2/e.
|
| 500 |
# |
# |
|a Table of Contents:
|
| 650 |
# |
# |
|a Computer graphics.
|
| 992 |
# |
# |
|a 0
|
| 994 |
# |
# |
|a DLU
|
| 900 |
# |
# |
|a True
|
| 911 |
# |
# |
|a Phan Ngọc Đông
|
| 925 |
# |
# |
|a CD
|
| 926 |
# |
# |
|a A
|
| 927 |
# |
# |
|a CD
|
| 980 |
# |
# |
|a Thư viện Trường Đại học Đà Lạt
|